000 01034nam a2200313 a 4500
001 vtls000104087
003 NLI
005 20210601202235.0
008 101125s1967 nyud s 000 0 eng
020 _cUSD 12.50
039 9 _y201011251148
_zVLOAD
040 _aNLI
_beng
_cDataSoft
_eAACR2
041 0 _aeng
044 _anyu
082 0 4 _a330.973
100 1 _aPitkin, Timothy
_9220216
245 1 2 _aA statistical view of the commerce of the United States /
_cby Timothy Pitkin
260 _aNew York :
_bAugustus M. Kelley,
_c1967
300 _axii, xix, 407 p. :
_bcharts ;
_c23 cm.
440 0 _aReprints of economic classics
_9174031
651 0 _aUnited States
_xCommerce
_9220217
651 0 _aUnited States
_xEconomic conditions
_9207211
887 _a
901 _a402774
_b28.08.1971
902 _aE330.973 P682
949 _AVIRTUAITEM
_D10000
_X100
_6PUR000402774ENG
942 _2ddc
_cBKS
999 _aVIRTUA00
_c109448
_d109448
999 _aVTLSSORT0080*0200*0400*0410*0440*0820*1000*2450*2600*3000*4400*6510*6511*9010*9020*9490*9991